United States monetary policy: (Запис № 561145)

МАРК-запис
000 -LEADER
fixed length control field 01573cam a22003251 4500
001 - CONTROL NUMBER
control field unitedstatesmone00amer
003 - CONTROL NUMBER IDENTIFIER
control field CaSfIA
005 - DATE AND TIME OF LATEST TRANSACTION
control field 20210119105112.0
007 - PHYSICAL DESCRIPTION FIXED FIELD--GENERAL INFORMATION
fixed length control field cr||||
008 - FIXED-LENGTH DATA ELEMENTS--GENERAL INFORMATION
fixed length control field 731023s1958 nyua b 100 0 eng
035 ## - SYSTEM CONTROL NUMBER
-- (DLC) 59006614
010 ## - LIBRARY OF CONGRESS CONTROL NUMBER
LC control number 59006614
035 ## - SYSTEM CONTROL NUMBER
System control number (OCoLC)721988
040 ## - CATALOGING SOURCE
Original cataloging agency DLC
Transcribing agency ODaWU
Modifying agency OCoLC
-- DLC
-- CaSfIA
042 ## - AUTHENTICATION CODE
Authentication code premarc
050 00 - LIBRARY OF CONGRESS CALL NUMBER
Classification number HG538
Item number .A56 1958
082 ## - DEWEY DECIMAL CLASSIFICATION NUMBER
Classification number 332.4973
110 2# - MAIN ENTRY--CORPORATE NAME
Corporate name or jurisdiction name as entry element American Assembly.
245 10 - TITLE STATEMENT
Title United States monetary policy:
Medium [electronic resource]
Remainder of title its contribution to prosperity without inflation; background papers prepared for the use of participants, and the Final report of the Fourteenth American Assembly, Arden House, Harriman Campus of Columbia University, Harriman, New York, October 16-19, 1958.
250 ## - EDITION STATEMENT
Edition statement Final ed.
260 ## - PUBLICATION, DISTRIBUTION, ETC. (IMPRINT)
Place of publication, distribution, etc [New York]
Date of publication, distribution, etc 1958.
300 ## - PHYSICAL DESCRIPTION
Extent ix, 231 p.
Other physical details illus.
Dimensions 24 cm.
504 ## - BIBLIOGRAPHY, ETC. NOTE
Bibliography, etc Bibliographical footnotes.
506 ## - RESTRICTIONS ON ACCESS NOTE
Standardized terminology for access restriction Необхідна авторизація на https://archive.org/ (створення облікового запису безкоштовно)
506 ## - RESTRICTIONS ON ACCESS NOTE
Standardized terminology for access restriction Необхідна авторизація на https://openlibrary.org/ (створення облікового запису безкоштовно)
650 #0 - SUBJECT ADDED ENTRY--TOPICAL TERM
Topical term or geographic name as entry element Currency question
Geographic subdivision United States
Form subdivision Congresses.
856 41 - ELECTRONIC LOCATION AND ACCESS
Uniform Resource Identifier <a href="http://www.archive.org/details/unitedstatesmone00amer">http://www.archive.org/details/unitedstatesmone00amer</a>
Public note Free eBook from the Internet Archive
856 42 - ELECTRONIC LOCATION AND ACCESS
Uniform Resource Identifier <a href="http://www.openlibrary.org/books/OL6269893M">http://www.openlibrary.org/books/OL6269893M</a>
Public note Additional information and access via Open Library
942 ## - ADDED ENTRY ELEMENTS (KOHA)
Koha item type ЕКнига

Немає доступних примірників.